| 000 | 00333nam a22001457a 4500 | ||
|---|---|---|---|
| 003 | OSt | ||
| 020 | _a0735711372 | ||
| 040 | _c0 | ||
| 082 |
_222 _a005.713769 |
||
| 100 | _aLatteier, Amos and Pelletier Michel. | ||
| 245 | _aThe zope book / | ||
| 260 |
_aUSA, _bNew Riders, _cc2002. |
||
| 300 |
_axx, 360 p. ; _bill. ; |
||
| 942 |
_2ddc _cIT |
||
| 999 |
_c4515 _d4515 |
||